000 00245 a2200109 4500
001 155617
040 _cEscola São Tomás de Aquino
240 1 0 _aOs milagres de Jesus
_lpor
245 1 0 _aOs milagres de Jesus
697 _aRELIGIÃO
942 _cMX
999 _c155617
_d155617